Drácula /
Guardado en:
| Autor Principal: | |
|---|---|
| Otros Autores: | |
| Formato: | Libro |
| Publicado: |
Oxford :
Oxford University,
2008.
|
| Series: | Oxford Bookworms ;
2 |
| Materias: | |
| Etiquetas: |
Agregar Etiqueta
Sin Etiquetas, Sea el primero en etiquetar este registro!
|
| LEADER | 00682nam a22002295a 4500 | ||
|---|---|---|---|
| 001 | CEM.cems020111 | ||
| 008 | 230517s2008####enk###########000#0#####d | ||
| 005 | 20230517130422.0 | ||
| 245 | 1 | 0 | |a Drácula / |c Bram Stoker ; ilustrado por Paul Fisher Johnson. |
| 260 | |a Oxford : |b Oxford University, |c 2008. | ||
| 300 | |a 56 p. | ||
| 490 | 0 | |a Oxford Bookworms ; |v 2 | |
| 500 | |a Texto en inglés. | ||
| 020 | |a 9780194790581 | ||
| 100 | 1 | |a Stoker, Bram | |
| 700 | 1 | |a Fisher Johnson, Paul. | |
| 082 | 0 | 4 | |a 891.623 |
| 653 | |a Literatura | ||
| 653 | |a Literatura irlandesa | ||
| 653 | |a Novelas | ||
| 653 | |a Novelas irlandesas | ||
| 859 | |a CEMS |b BIB. CEMS - Agricultura |h 891.623 |i St671-1 |p A3586.23 |t Ej.1 | ||
